[Event "Seefeld op 04th"]
[Site "Seefeld"]
[Date "1993.??.??"]
[Round "7"]
[White "Mihajlovic, Nenad"]
[Black "Riemelmoser, Otto"]
[Result "1-0"]
[WhiteElo "1620"]
[BlackElo "1660"]
[PlyCount "47"]
[EventDate "1993.09.??"]
[EventType "swiss"]
[EventRounds "9"]
[EventCountry "AUT"]
[SourceTitle "EXT 2000"]
[Source "ChessBase"]
[SourceDate "1999.11.16"]
[SourceVersion "1"]
[SourceVersionDate "1999.11.16"]
[SourceQuality "1"]

1. e4 e5 2. Nf3 Nf6 3. Nc3 Bb4 4. Bc4 d6 5. 0-0 Bxc3 6. dxc3 Nxe4 7. Qd5 Be6 8. Qxe4 d5 9. Qxe5 dxc4 10. Qxg7 Rf8 11. Bh6 Nd7 12. Ne5 Qe7 13. Nxd7 Kxd7 14. Rad1+ Kc6 15. Qxh7 Rg8 16. Be3 Bd5 17. Rxd5 Kxd5 18. Qf5+ Kc6 19. Rd1 Rgd8 20. Qf3+ Kb5 21. Qxb7+ Ka5 22. Rd5+ c5 23. Qxe7 Rxd5 24. Qc7+ 1-0